Missing Word: Music on Fire Quiz Stats

 Plays Quiz Updated May 23, 2012

Support Sporcle.
Go Orange.
Score 0/20 Timer 02:00
0 Plays Today
Song Missing Word % Correct
We Didn't _____ the FireStart
94.4%
_____ My FireLight
89.4%
Great _____ of FireBalls
86.9%
_____ of FireRing
76.8%
St. _____ FireElmo's
74.4%
_____ Out the FirePut
65.7%
_____ Fire to the RainSet
62.7%
Fire_____Work
52.6%
Fire & _____Rain
48.1%
_____ On FireSex
47%
Song Missing Word % Correct
The Fire Down _____Below
42.4%
Eyes _____ FireOn
39.3%
I Love _____ with FirePlaying
35.3%
This _____ Is On FireHouse
32.9%
Fire of Unknown _____Origin
30.7%
Fire _____ BurnWater
30.5%
The _____ FireUnforgettable
12.8%
Fire on the _____Mountain
12.3%
Fire in the _____Sky
7.9%
_____ My FireFuel
2.6%

Today's Daily Dose

Word Ladder
ING Words

Get the Picture
Nearest Volcano

From the Vault

Is That Musical a Movie Too? II

by Hejman

Trying to answer that age old question of what came first: the musical or the movie?
Remove Ads.
Support Sporcle.
Get the best of Sporcle when you Go Orange. This ad-free experience offers more features, more stats, and more fun while also helping to support Sporcle. Thank you for becoming a member.

Show Comments

Extras

Top Quizzes Today


Score Distribution

Your Account Isn't Verified!

In order to create a playlist on Sporcle, you need to verify the email address you used during registration. Go to your Sporcle Settings to finish the process.

Report this User

Report this user for behavior that violates our Community Guidelines.

Details: